|
|
|
|
| LEADER |
00000nam a2200000 a 4500 |
| 001 |
vtls008982401 |
| 003 |
SK-MaSNL |
| 005 |
20260425235337.0 |
| 008 |
240314s2006 xo f 000 0 slo |
| 015 |
|
|
|a SNBE2007/03-00906
|
| 035 |
|
|
|a 469998E4-8D9F-43BF-807D-1725DEAA69FB
|
| 035 |
|
|
|a urn:nbn:sk:snk-aml0dw
|
| 035 |
|
|
|a urn:nbn:sk:snk-am008nii
|
| 040 |
|
|
|a SNK
|b slo
|c SNK
|e AACR2
|
| 041 |
0 |
|
|a slo
|
| 043 |
|
|
|a e-xo---
|
| 044 |
|
|
|a xo
|c SK
|
| 072 |
|
7 |
|a 352/354
|x Stupne miestnej, oblastnej a ústrednej správy
|2 konspekt
|
| 080 |
|
|
|a 353.9
|2 2001
|
| 080 |
|
|
|a (437.6)
|2 2001
|
| 080 |
|
|
|a (035)
|2 2001
|
| 100 |
1 |
|
|a Kohajda, Pavol
|4 aut
|9 403538
|
| 245 |
1 |
0 |
|a Vyššie územné celky Slovenska
|c Pavol Kohajda
|
| 250 |
|
|
|a [1. vyd.]
|
| 260 |
|
|
|a Prievidza
|b Pavol Kohajda - MONEX
|c [2006]
|
| 300 |
|
|
|a 84 s.
|c 21 cm
|
| 650 |
0 |
7 |
|a vyššie územné celky
|2 SNKPH
|9 28700
|
| 650 |
0 |
7 |
|a územná samospráva
|2 SNKPH
|9 802
|
| 651 |
|
7 |
|a Slovensko
|2 SNKPH
|9 14231
|
| 655 |
|
7 |
|a príručky
|2 SNKPH
|9 74364
|
| 958 |
|
|
|a OND
|
| 999 |
|
|
|c 827047
|d 828977
|
| 952 |
|
|
|a SNK
|b SNK
|y PREZ
|7 0
|p 17A0549211
|o snkSC 127698
|i snk2007/10681
|8 0
|0 0
|1 0
|4 0
|d 2007-04-20
|f 1
|l 0
|r 2025-06-16 00:00:00
|w 2026-02-24
|
| 952 |
|
|
|a SNK
|b SNK
|y VYP
|7 0
|p 17A0549196
|o snkSC 127698 D1
|i snk2007/10682
|8 0
|0 0
|1 0
|4 0
|d 2007-04-20
|l 0
|r 2026-02-24 03:25:24
|w 2026-02-24
|